| 000 | 00544nam a2200181 i 4500 | ||
|---|---|---|---|
| 001 | 100471 | ||
| 003 | ES-MaACL | ||
| 007 | t| | ||
| 008 | 050928s1982 sp ||||1| spa d | ||
| 020 | _a84-85320-06-9 | ||
| 100 | 1 |
_aMason, Dean T. _978756 |
|
| 245 | 1 | 0 |
_aEmergencias cardiacas / _cDean T. Mason; [traducción por Alberto Eskenazi]. |
| 260 |
_aMadrid : _bPanamericana, _c1982. |
||
| 300 |
_a436 p. : _bil. ; _c25 cm. |
||
| 504 | _aBibliografía. -Indices. | ||
| 700 | 1 |
_aEskenazi, Alberto. _947726 |
|
| 852 |
_aES-MaACL _jL-8502 _bR.109189 |
||
| 999 |
_c100471 _d100471 |
||